India's foreign policy: (Record no. 180497)

MARC details
000 -LEADER
fixed length control field 00614nam a22001937a 4500
005 - DATE AND TIME OF LATEST TRANSACTION
control field 20210810150745.0
010 ## - LCCN (DPL NO)
LC control number ENG-129737
020 ## - INTERNATIONAL STANDARD BOOK NUMBER
International Standard Book Number 9789353948177
Terms of availability 335.00
035 ## - SYSTEM CONTROL NUMBER
System control number EN-113269
037 ## - SOURCE OF ACQUISITION
Source of stock number/acquisition DBAD/PUB
082 ## - DEWEY DECIMAL CLASSIFICATION NUMBER
Classification number 327.54
100 ## - MAIN ENTRY--PERSONAL NAME
Personal name Yadav, R.S.
245 ## - TITLE STATEMENT
Title India's foreign policy:
Remainder of title post-cold war years /
Statement of responsibility, etc by R.S. Yadav
260 ## - PUBLICATION, DISTRIBUTION, ETC. (IMPRINT)
Place of publication, distribution, etc Noida
Name of publisher, distributor, etc Pearson
Date of publication, distribution, etc 2021
270 ## - ADDRESS
Address 15th Floor, Tower-B, World Trade Tower, Plot No.1, Block-C, Sector-16
City Noida
Postal code 201301
300 ## - PHYSICAL DESCRIPTION
Extent x, 284p.
Dimensions 23cm(pbk)
500 ## - GENERAL NOTE
General note include bibliographical references
942 ## - ADDED ENTRY ELEMENTS (KOHA)
Source of classification or shelving scheme Dewey Decimal Classification
Item type English Books
Classification part 327.54
Call number suffix YAD
Holdings
Withdrawn status Lost status Not for loan Collection code Home library Current library Date acquired Source of acquisition Cost, normal purchase price Full call number Barcode Copy number Cost, replacement price Koha item type
      Non-fiction Patel Nagar Patel Nagar 10/08/2021 DBAD/PUB 335.00 327.54 YAD EN-113269 1 335.00 English Books

© Delhi Public Library
Hit Counter
free hit counter